000
00337nam a2200157Ia 4500
003
OSt
005
20231211075726.0
008
170524s9999 xx 000 0 und d
020
_a
1-25-902854-2
040
_c
iimt
100
_a
LUTHANS FRED
100
_c
2012
245
0
_a
INTERNATIONAL MANAGEMENT
260
_a
TMH
942
_2
ddc
_c
02
999
_c
2761
_d
2761